Financial Accounting and Analysis (Record no. 6241)

MARC details
005 - DATE AND TIME OF LATEST TRANSACTION
control field 20250629095142.0
020 ## - INTERNATIONAL STANDARD BOOK NUMBER
International Standard Book Number 978-93-5084-871-5
082 ## - DEWEY DECIMAL CLASSIFICATION NUMBER
Classification number 657 PRA
100 ## - MAIN ENTRY--PERSONAL NAME
Author name PRASAD, C .M
245 ## - TITLE STATEMENT
Title Financial Accounting and Analysis
260 ## - PUBLICATION, DISTRIBUTION, ETC.
Place of publication, distribution, etc. New Delhi
Name of publisher, distributor, etc. Centrum Press
Date of publication, distribution, etc. 2016.
300 ## - PHYSICAL DESCRIPTION
Extent viii,280p.: ill.; figures
Other physical details Bibliography, Index
Dimensions 23cm
942 ## - ADDED ENTRY ELEMENTS (KOHA)
Source of classification or shelving scheme Dewey Decimal Classification
Koha item type Books
Holdings
Date last seen Total checkouts Full call number Barcode Cost, replacement price Price effective from Koha item type Lost status Source of classification or shelving scheme Damaged status Not for loan Withdrawn status Home library Current library Shelving location Date acquired Source of acquisition Cost, normal purchase price
06/29/2025   657 PRA MZA0002804 60000.00 06/29/2025 Books   Dewey Decimal Classification       CBE Mwanza CBE Mwanza Special Reserve Collection 06/18/2019 Library Budget 20000.00
06/29/2025   657 PRA MZA0002806 60000.00 06/29/2025 Books   Dewey Decimal Classification       CBE Mwanza CBE Mwanza Special Reserve Collection 06/18/2019 Library Budget 20000.00
06/29/2025   657 PRA MZA0002807 60000.00 06/29/2025 Books   Dewey Decimal Classification       CBE Mwanza CBE Mwanza Special Reserve Collection 06/18/2019 Library Budget 20000.00
06/29/2025   657 PRA MZA0002808 60000.00 06/29/2025 Books   Dewey Decimal Classification       CBE Mwanza CBE Mwanza Special Reserve Collection 06/18/2019 Library Budget 20000.00